Religion and scientific method. (Record no. 77203)
[ view plain ]
| 000 -LEADER | |
|---|---|
| fixed length control field | 00470cam0a220018100 4500 |
| 001 - CONTROL NUMBER | |
| control field | tmp15848963 |
| 003 - CONTROL NUMBER IDENTIFIER | |
| control field | UPRA |
| 005 - DATE AND TIME OF LATEST TRANSACTION | |
| control field | 20190815134310.0 |
| 008 - FIXED-LENGTH DATA ELEMENTS--GENERAL INFORMATION | |
| fixed length control field | 951107s1977 xx eng u |
| 035 ## - SYSTEM CONTROL NUMBER | |
| System control number | (Sirsi) r36335 |
| 035 ## - SYSTEM CONTROL NUMBER | |
| System control number | (UPRA)tmp15848963 |
| 040 ## - CATALOGING SOURCE | |
| Transcribing agency | UPRA |
| 100 1# - MAIN ENTRY--PERSONAL NAME | |
| Personal name | Schlesinger, George. |
| Linkage | A98776.1 |
| 245 10 - TITLE STATEMENT | |
| Title | Religion and scientific method. |
| 260 ## - PUBLICATION, DISTRIBUTION, ETC. | |
| Date of publication, distribution, etc. | 1977. |
| 949 ## - LOCAL PROCESSING INFORMATION (OCLC) | |
| a | BL200 |
| w | lcc |
| i | 33729000375704 |
| m | MAIN |
| p | 2500 |
| t | BOOK |
| l | ON-SHELF |
No items available.